Największe Państwa Świata - Statystyki

Ogólne statystyki
  • Ten quiz został rozwiązany 51 razy
  • Średni wynik to 12 z 15
Statystyki odpowiedzi
Kontynent kraj % Poprawnych
Ameryka północna Kanada
97%
Azja Rosja
97%
Ameryka południowa Argentyna
94%
oceania Australia
94%
Ameryka połuniowa Brazylia
94%
Azja Chiny
94%
Ameryka północna Stany zjednoczone
94%
Azja Indie
92%
Afryka Algieria
83%
Azja kazachstan
83%
Ameryka północna Meksyk
81%
Afryka Demokratyczna republika konga
67%
Azja Arabia saudyjska
42%
Azja Indonezja
42%
Afryka Sudan
39%
Nie znaleziono quizów pasujących do podanych kryteriów
Rozkład punktacji
Procent ludzi z każdym wynikiem
Percentyl według liczby udzielonych odpowiedzi
Twoja historia wyników
Nie rozwiązałeś tego quizu